Designing and building your own home (Record no. 106777)

MARC details
000 -LEADER
fixed length control field 01284cam a22002535a 4500
001 - CONTROL NUMBER
control field L137433
008 - FIXED-LENGTH DATA ELEMENTS--GENERAL INFORMATION
fixed length control field 070405s2007 xxkeo f 001 0 eng d
020 ## - INTERNATIONAL STANDARD BOOK NUMBER
International Standard Book Number 1861269048
-- 9781861269041
035 ## - SYSTEM CONTROL NUMBER
System control number (Sirsi) u137433
041 0# - LANGUAGE CODE
Language code of text/sound track or separate title eng
050 04 - LIBRARY OF CONGRESS CALL NUMBER
Classification number 306.52 $2 18
100 1# - MAIN ENTRY--PERSONAL NAME
Personal name Cummins, Martin
245 00 - TITLE STATEMENT
Title Designing and building your own home
260 ## - PUBLICATION, DISTRIBUTION, ETC.
Place of publication, distribution, etc. Marlborough
Name of publisher, distributor, etc. Crowood Press
Date of publication, distribution, etc. 2006
300 ## - PHYSICAL DESCRIPTION
Extent 176p.
Other physical details ill.
Dimensions 25cm.
350 ## - PRICE (NR) (BK AM CF MU VM SE) [OBSOLETE]
Price 12.99
505 2# - FORMATTED CONTENTS NOTE
Formatted contents note Getting started -- Finding a site -- Programming and processes -- Assembling and briefing the design and construction team -- Designing the building and getting what you want -- The construction process -- Useful contacts
520 ## - SUMMARY, ETC.
Summary, etc. Considers different types of building and levels of involvement in the project. Covers site selection options. Suggests processes for assembling a design and construction team. Covers the design process and how best to control it. Describes aspects of the construction process. Considers the self-builder's method of finance and level of budget.
650 24 - SUBJECT ADDED ENTRY--TOPICAL TERM
Topical term or geographic name entry element CONSTRUCTION (DESIGN AND MANAGEMENT) REGULATIONS 1994
651 #4 - SUBJECT ADDED ENTRY--GEOGRAPHIC NAME
Geographic name England and Wales
Chronological subdivision 1543-
690 ## - LOCAL SUBJECT ADDED ENTRY--TOPICAL TERM (OCLC, RLIN)
Topical term or geographic name as entry element BUILT ENVIRONMENT-CONSTRUCTION MANAGEMENT-CONSTRUCTION DESIGN AND MANAGEMENT
942 ## - ADDED ENTRY ELEMENTS (KOHA)
Suppress in OPAC 0
Holdings
Withdrawn status Lost status Source of classification or shelving scheme Damaged status Not for loan Home library Current library Shelving location Date acquired Cost, normal purchase price Total Checkouts Full call number Barcode Date last seen Date last checked out Copy number Cost, replacement price Price effective from Koha item type
    Dewey Decimal Classification     London London Books 26/04/2007 11.04 4 306.52 CUM 30072318 03/01/2024 02/08/2008 1 11.04 06/08/2019 Book